| 000 | 00302 a2200121 4500 | ||
|---|---|---|---|
| 999 |
_c321776 _d321776 |
||
| 001 | 86703 | ||
| 003 | NUST | ||
| 005 | 20180123110246.0 | ||
| 008 | 180123b xxu||||| |||| 00| 0 eng d | ||
| 082 | _a364.1323 MUJ | ||
| 100 |
_aMujahid Hussain _94095 |
||
| 245 |
_aBad Unwani Ki Hukumrani _hUrdu |
||
| 260 |
_aLahore _bNigar-e-shaat Publishers _c2009 |
||
| 300 | _a368p. | ||
| 942 |
_aCAE NUST _cBK _k364.1323 MUJ _2ddc |
||